Normal view
MARC view
- اسلامی فکر — اردو شاعری میں۔
Entry Topical Term
001 - CONTROL NUMBER
- control field: 129728
003 - CONTROL NUMBER IDENTIFIER
- control field: NUST
005 - DATE AND TIME OF LATEST TRANSACTION
- control field: 20250712104757.0
008 - FIXED-LENGTH DATA ELEMENTS
- fixed length control field: 250712|| aca||aabn | a|a d
040 ## - CATALOGING SOURCE
- Original cataloging agency: NUST
- Transcribing agency: NUST
150 ## - HEADING--TOPICAL TERM
- Topical term or geographic name entry element: اسلامی فکر — اردو شاعری میں۔
670 ## - SOURCE DATA FOUND
- Source citation: Work cat.: (NUST): گوہر، محمد رمضان 129727, کلامِ اقبال اور قرآنِ مجید /
